[Event "MPJBiS 2020"]
[Site "?"]
[Date "2020.08.28"]
[Round "1.1"]
[White "Warchol, Kamil"]
[Black "Blaszkiewicz, Jakub"]
[Result "1-0"]
[BlackElo "1238"]
[WhiteElo "1751"]
[LiveChessVersion "1.4.8"]

1. e4 e5 2. Nf3 Nc6 3. Bc4 Be7 4. c3 Nf6 5. d3 d6 6. Nbd2 O-O 7. Nf1 Na5 8. Bb5
a6 9. Ba4 b5 10. Bc2 c5 11. Ng3 Nc6 12. O-O Re8 13. d4 exd4 14. cxd4 Bf8 15. Bf4
Bg4 16. Be3 cxd4 17. Bxd4 Nxd4 18. Qxd4 Bxf3 19. gxf3 Rc8 20. Bb3 Re5 21. f4 Rec5
22. Rad1 Qc7 23. Nf5 Rc6 24. Kh1 a5 25. Nh6+ Kh8 26. Nxf7+ Kg8 27. Nxd6+ Kh8 28.
Nxc8 Qxc8 29. e5 Ng4 30. Qd8 h5 31. Qxc8 Rxc8 32. h3 Nh6 33. Rc1 Rd8 34. Rfd1 Rb8
35. Be6 Ng8 36. Rc7 Ne7 37. f5 b4 38. f6 gxf6 39. exf6 Re8 40. Bf7 Rb8 41. fxe7
Bxe7 42. Rxe7 Kg7 43. Bb3+ Kf6 44. Rf7+ Ke5 45. Rd5+ Ke6 46. Rb5+ Kd6 47. Rxb8 h4
48. Rb5 a4 49. Rh5 axb3 50. axb3 Ke6 51. Ra7 Kf6 52. Ra6+ Kg7 53. Rb5 Kf7 54.
Rb7+ Ke8 55. Ra8# 1-0

[Event "MPJBiS 2020"]
[Site "?"]
[Date "2020.08.28"]
[Round "1.2"]
[White "Bak, Jedrzej"]
[Black "Krawczyk, Flawian"]
[Result "0-1"]
[BlackElo "1728"]
[WhiteElo "1233"]
[LiveChessVersion "1.4.8"]

1. e4 {[%clk 0:15:18]} c5 {[%clk 0:15:19]} 2. Nf3 {[%clk 0:15:22]} Nc6
{[%clk 0:15:28]} 3. d4 {[%clk 0:15:31]} cxd4 {[%clk 0:15:36]} 4. Nxd4
{[%clk 0:15:39]} g6 {[%clk 0:15:45]} 5. Nc3 {[%clk 0:15:29]} Bg7 {[%clk 0:15:54]}
6. Be3 {[%clk 0:15:37]} Nf6 {[%clk 0:16:03]} 7. h3 {[%clk 0:15:38]} O-O
{[%clk 0:16:06]} 8. Be2 {[%clk 0:15:42]} d5 {[%clk 0:16:01]} 9. exd5
{[%clk 0:15:09]} Nb4 {[%clk 0:15:39]} 10. O-O {[%clk 0:14:57]} Nbxd5
{[%clk 0:15:24]} 11. Qd3 {[%clk 0:14:00]} e5 {[%clk 0:11:24]} 12. Nb3
{[%clk 0:10:08]} Bf5 {[%clk 0:11:02]} 13. Qd2 {[%clk 0:09:12]} Nxe3
{[%clk 0:09:51]} 14. Qxe3 {[%clk 0:08:39]} Bxc2 {[%clk 0:08:43]} 15. Nc5
{[%clk 0:07:55]} Qb6 {[%clk 0:06:15]} 16. b3 {[%clk 0:06:39]} Rac8
{[%clk 0:04:16]} 17. Rac1 {[%clk 0:06:17]} Qxc5 {[%clk 0:04:16]} 18. Qxc5
{[%clk 0:06:10]} Rxc5 {[%clk 0:04:25]} 19. Rxc2 {[%clk 0:06:18]} Rfc8
{[%clk 0:04:26]} 20. Rfc1 {[%clk 0:05:56]} Ne4 {[%clk 0:04:27]} 21. Nxe4
{[%clk 0:05:48]} Rxc2 {[%clk 0:04:26]} 22. Re1 {[%clk 0:05:34]} Rc1
{[%clk 0:03:46]} 23. Rxc1 {[%clk 0:05:07]} Rxc1+ {[%clk 0:03:53]} 24. Kh2
{[%clk 0:05:16]} Rc2 {[%clk 0:03:41]} 25. Bc4 {[%clk 0:05:18]} Rxa2
{[%clk 0:03:44]} 26. f3 {[%clk 0:05:20]} Bh6 {[%clk 0:02:59]} 27. Nf6+
{[%clk 0:04:51]} Kg7 {[%clk 0:02:56]} 28. Ng4 {[%clk 0:04:51]} Bf4+
{[%clk 0:03:04]} 29. Kg1 {[%clk 0:04:58]} Bg3 {[%clk 0:02:43]} 30. Kf1
{[%clk 0:05:01]} a6 {[%clk 0:02:43]} 31. Ne3 {[%clk 0:04:51]} b5 {[%clk 0:02:51]}
32. Bd5 {[%clk 0:04:51]} a5 {[%clk 0:02:43]} 33. Bc6 {[%clk 0:04:47]} a4
{[%clk 0:02:37]} 34. b4 {[%clk 0:04:54]} a3 {[%clk 0:02:39]} 35. Bxb5
{[%clk 0:05:03]} Rb2 {[%clk 0:02:40]} 36. Bc4 {[%clk 0:04:58]} a2
{[%clk 0:02:49]} 37. Bxa2 {[%clk 0:05:02]} Rxa2 {[%clk 0:02:58]} 38. Kg1
{[%clk 0:04:51]} Ra1+ {[%clk 0:03:02]} 39. Nf1 {[%clk 0:04:59]} Rb1
{[%clk 0:03:01]} 40. b5 {[%clk 0:05:04]} Rxb5 {[%clk 0:03:09]} 41. Nxg3
{[%clk 0:05:12]} f5 {[%clk 0:03:14]} 42. Kf2 {[%clk 0:05:19]} Kf6
{[%clk 0:03:19]} 43. Ke2 {[%clk 0:05:07]} Rb2+ {[%clk 0:03:28]} 44. Kf1
{[%clk 0:05:15]} Ke6 {[%clk 0:03:34]} 45. Ne2 {[%clk 0:05:13]} e4
{[%clk 0:03:32]} 46. f4 {[%clk 0:05:13]} Kd5 {[%clk 0:03:27]} 47. Nc3+
{[%clk 0:05:18]} Kc4 {[%clk 0:03:30]} 48. Na4 {[%clk 0:05:22]} Ra2
{[%clk 0:03:29]} 49. Nb6+ {[%clk 0:05:30]} Kd3 {[%clk 0:03:37]} 50. Nd7
{[%clk 0:05:23]} Ra1+ {[%clk 0:03:07]} 51. Kf2 {[%clk 0:05:25]} e3+
{[%clk 0:03:16]} 52. Kf3 {[%clk 0:05:33]} Rf1+ {[%clk 0:03:20]} 53. Kg3
{[%clk 0:05:40]} e2 {[%clk 0:03:15]} 54. Ne5+ {[%clk 0:05:24]} Kc3
{[%clk 0:03:23]} 55. Nf3 {[%clk 0:05:18]} Rxf3+ {[%clk 0:03:29]} 56. Kxf3
{[%clk 0:05:24]} e1=Q {[%clk 0:03:35]} 57. g4 {[%clk 0:05:32]} Qe4+
{[%clk 0:03:43]} 58. Kg3 {[%clk 0:05:40]} Qe1+ {[%clk 0:03:30]} 59. Kf3
{[%clk 0:05:46]} fxg4+ {[%clk 0:03:39]} 60. Kxg4 {[%clk 0:05:51]} h5+
{[%clk 0:03:46]} 61. Kg5 {[%clk 0:05:58]} Qg3+ {[%clk 0:03:54]} 62. Kh6
{[%clk 0:06:01]} Qxf4+ {[%clk 0:04:03]} 63. Kg7 {[%clk 0:06:07]} g5
{[%clk 0:04:10]} 64. Kh6 {[%clk 0:06:15]} g4+ {[%clk 0:04:18]} 65. Kxh5
{[%clk 0:06:19]} g3 {[%clk 0:04:14]} 66. h4 {[%clk 0:06:26]} g2 {[%clk 0:04:19]}
67. Kg6 {[%clk 0:06:35]} g1=R+ {[%clk 0:04:25]} 68. Kh5 {[%clk 0:06:40]} Qg4+
{[%clk 0:04:34]} 69. Kh6 {[%clk 0:06:48]} Qxh4# 0-1

[Event "MPJBiS 2020"]
[Site "?"]
[Date "2020.08.28"]
[Round "1.3"]
[White "Bochniak, Franciszek"]
[Black "Dobosiewicz, Krzysztof"]
[Result "1-0"]
[BlackElo "1229"]
[WhiteElo "1719"]
[LiveChessVersion "1.4.8"]

1. d4 {[%clk 0:15:18]} d5 {[%clk 0:15:19]} 2. c4 {[%clk 0:15:27]} c6
{[%clk 0:15:28]} 3. Nc3 {[%clk 0:15:35]} dxc4 {[%clk 0:15:35]} 4. e4
{[%clk 0:15:36]} b5 {[%clk 0:15:42]} 5. a4 {[%clk 0:15:24]} b4 {[%clk 0:15:50]}
6. Na2 {[%clk 0:15:32]} e6 {[%clk 0:15:56]} 7. Bxc4 {[%clk 0:15:33]} Nf6
{[%clk 0:16:02]} 8. Bg5 {[%clk 0:15:14]} h6 {[%clk 0:15:35]} 9. Bxf6
{[%clk 0:15:18]} Qxf6 {[%clk 0:15:41]} 10. Qd3 {[%clk 0:14:45]} Be7
{[%clk 0:15:04]} 11. Nf3 {[%clk 0:14:46]} Qg6 {[%clk 0:14:28]} 12. O-O
{[%clk 0:14:42]} Nd7 {[%clk 0:14:29]} 13. Rfe1 {[%clk 0:14:22]} O-O
{[%clk 0:14:35]} 14. Nc1 {[%clk 0:13:56]} a5 {[%clk 0:14:38]} 15. Ne2
{[%clk 0:13:56]} Bd6 {[%clk 0:13:47]} 16. Rac1 {[%clk 0:13:43]} Rd8
{[%clk 0:13:28]} 17. e5 {[%clk 0:13:42]} Qxd3 {[%clk 0:12:56]} 18. Bxd3
{[%clk 0:13:51]} Nxe5 {[%clk 0:12:54]} 19. dxe5 {[%clk 0:13:45]} Bxe5
{[%clk 0:12:39]} 20. Nxe5 {[%clk 0:13:54]} f6 {[%clk 0:12:47]} 21. Nxc6
{[%clk 0:14:03]} Rxd3 {[%clk 0:12:55]} 22. Ne7+ {[%clk 0:14:12]} Kf7
{[%clk 0:12:58]} 23. Nxc8 {[%clk 0:14:20]} Rd2 {[%clk 0:12:58]} 24. Nb6
{[%clk 0:14:27]} Rad8 {[%clk 0:13:01]} 25. Nc4 {[%clk 0:14:36]} R2d5
{[%clk 0:12:58]} 26. Nf4 {[%clk 0:14:32]} R5d7 {[%clk 0:12:30]} 27. Nxe6
{[%clk 0:13:52]} Re8 {[%clk 0:12:30]} 28. Nc5 {[%clk 0:14:01]} Rxe1+
{[%clk 0:12:26]} 29. Rxe1 {[%clk 0:14:10]} Rc7 {[%clk 0:12:35]} 30. Nd6+
{[%clk 0:14:19]} Kg6 {[%clk 0:12:43]} 31. Ndb7 {[%clk 0:12:45]} h5
{[%clk 0:12:38]} 32. g3 {[%clk 0:12:51]} Kh6 {[%clk 0:12:26]} 33. b3
{[%clk 0:12:24]} Kh7 {[%clk 0:12:26]} 34. Re6 {[%clk 0:12:15]} Rc8
{[%clk 0:12:09]} 35. Ra6 {[%clk 0:12:00]} Re8 {[%clk 0:12:13]} 36. Rxa5
{[%clk 0:12:03]} Re1+ {[%clk 0:12:19]} 37. Kg2 {[%clk 0:12:12]} Rd1
{[%clk 0:12:19]} 38. Rb5 {[%clk 0:12:18]} Rd4 {[%clk 0:12:27]} 39. a5
{[%clk 0:12:25]} Kg8 {[%clk 0:12:32]} 40. a6 {[%clk 0:12:34]} Kf7
{[%clk 0:12:34]} 41. a7 {[%clk 0:12:43]} h4 {[%clk 0:12:39]} 42. a8=Q
{[%clk 0:12:48]} h3+ {[%clk 0:12:44]} 43. Kxh3 {[%clk 0:12:54]} g5
{[%clk 0:12:47]} 44. Nd6+ {[%clk 0:12:58]} Rxd6 {[%clk 0:12:51]} 45. Rb7+
{[%clk 0:13:06]} Kg6 {[%clk 0:12:59]} 46. Qg8+ {[%clk 0:13:10]} Kf5
{[%clk 0:13:01]} 47. Qh7+ {[%clk 0:13:12]} Ke5 {[%clk 0:13:02]} 48. Qe4# 1-0

[Event "MPJBiS 2020"]
[Site "?"]
[Date "2020.08.28"]
[Round "1.4"]
[White "Wolak, Maciej"]
[Black "Seemann, Jakub"]
[Result "0-1"]
[BlackElo "1687"]
[WhiteElo "1226"]
[LiveChessVersion "1.4.8"]

1. e4 {[%clk 0:15:17]} c5 {[%clk 0:15:10]} 2. Nf3 {[%clk 0:15:23]} d6
{[%clk 0:15:15]} 3. d4 {[%clk 0:15:30]} cxd4 {[%clk 0:15:23]} 4. Nxd4
{[%clk 0:15:37]} Nf6 {[%clk 0:15:32]} 5. Nc3 {[%clk 0:15:42]} Nc6
{[%clk 0:15:34]} 6. f3 {[%clk 0:15:11]} e5 {[%clk 0:15:40]} 7. Nb3
{[%clk 0:15:00]} Be7 {[%clk 0:15:29]} 8. Be3 {[%clk 0:14:49]} O-O
{[%clk 0:15:32]} 9. Be2 {[%clk 0:14:35]} a5 {[%clk 0:15:24]} 10. a4
{[%clk 0:13:50]} Nb4 {[%clk 0:14:25]} 11. Nd5 {[%clk 0:12:13]} Nfxd5
{[%clk 0:12:54]} 12. exd5 {[%clk 0:12:17]} Bf5 {[%clk 0:13:03]} 13. Bd3
{[%clk 0:11:15]} Bxd3 {[%clk 0:13:06]} 14. cxd3 {[%clk 0:11:10]} Nxd5
{[%clk 0:13:14]} 15. Bf2 {[%clk 0:11:03]} Bg5 {[%clk 0:13:11]} 16. O-O
{[%clk 0:10:54]} Ne3 {[%clk 0:13:20]} 17. Bxe3 {[%clk 0:10:44]} Bxe3+
{[%clk 0:13:28]} 18. Kh1 {[%clk 0:10:52]} d5 {[%clk 0:13:35]} 19. Nd2
{[%clk 0:10:16]} Ra6 {[%clk 0:13:28]} 20. Re1 {[%clk 0:10:10]} Qg5
{[%clk 0:13:11]} 21. Nf1 {[%clk 0:10:10]} Bd4 {[%clk 0:13:19]} 22. Rb1
{[%clk 0:09:19]} Rc8 {[%clk 0:13:26]} 23. Re2 {[%clk 0:08:05]} Rac6
{[%clk 0:13:34]} 24. b3 {[%clk 0:08:02]} Rc1 {[%clk 0:13:37]} 25. Rxc1
{[%clk 0:07:40]} Qxc1 {[%clk 0:13:45]} 26. Qxc1 {[%clk 0:07:35]} Rxc1
{[%clk 0:13:53]} 27. g3 {[%clk 0:07:34]} Rxf1+ {[%clk 0:14:00]} 28. Kg2
{[%clk 0:07:43]} Rb1 {[%clk 0:14:08]} 29. Rc2 {[%clk 0:07:49]} g6
{[%clk 0:14:16]} 0-1

[Event "MPJBiS 2020"]
[Site "?"]
[Date "2020.08.28"]
[Round "1.5"]
[White "Musial, Igor"]
[Black "Gawlik, Olivier"]
[Result "1-0"]
[BlackElo "1216"]
[WhiteElo "1613"]
[LiveChessVersion "1.4.8"]

1. e4 e6 2. d3 c5 3. Nd2 Nc6 4. Ngf3 Be7 5. g3 Nf6 6. Bg2 O-O 7. O-O b6 8. Re1
Bb7 9. h4 h6 10. e5 Nd5 11. c4 Nc7 12. Ne4 d5 13. exd6 Bxd6 14. Nxd6 Qxd6 15. Bf4
Qd7 16. Ne5 Nxe5 17. Bxb7 Rab8 18. Be4 Nc6 19. Qa4 b5 20. cxb5 Nxb5 21. Bxb8 Rxb8
22. Rac1 f5 23. Bxc6 Qxc6 24. Qc4 Kf7 25. Qxc5 Qd7 26. Qe5 Nd6 27. Rc2 g5 28.
Rec1 Rb7 29. Rc6 Ne8 30. Qh8 Kg6 31. Qg8+ Ng7 32. Qc8 Qe7 33. Rc7 Rxc7 34. Qxc7
Qb4 35. Qc3 Qg4 36. Qc4 Qf3 37. b4 Kf6 38. Qd4+ Kg6 39. Qc4 Kf6 40. a4 Nh5 41.
Qd4+ Kg6 42. Qe3 Qd5 43. Re1 Kf6 44. hxg5+ hxg5 45. d4 Qc6 46. Qe5+ Kf7 47. b5
Qd7 48. Rc1 Qe8 49. Rc7+ Kg8 50. Rb7 Ng7 51. Rb8 Qxb8 52. Qxb8+ Kh7 53. Qxa7 Kg6
54. b6 Ne8 55. Qe7 Nf6 56. Qxe6 f4 57. g4 Kg7 58. b7 Kg6 59. b8=R f3 60. Kf1 Kh7
61. Qf7+ Kh6 62. Qxf6+ Kh7 63. Rh8# 1-0

[Event "MPJBiS 2020"]
[Site "?"]
[Date "2020.08.28"]
[Round "1.6"]
[White "Stepien, Piotr"]
[Black "Zielonka, Adam"]
[Result "0-1"]
[BlackElo "1609"]
[WhiteElo "1214"]
[LiveChessVersion "1.4.8"]

1. d4 {[%clk 0:15:19]} Nf6 {[%clk 0:15:14]} 2. c4 {[%clk 0:15:24]} c5
{[%clk 0:15:13]} 3. d5 {[%clk 0:15:08]} e6 {[%clk 0:15:19]} 4. dxe6
{[%clk 0:15:14]} fxe6 {[%clk 0:15:23]} 5. Nf3 {[%clk 0:15:16]} Nc6
{[%clk 0:15:27]} 6. Nc3 {[%clk 0:15:20]} a6 {[%clk 0:15:09]} 7. Bf4
{[%clk 0:14:53]} Be7 {[%clk 0:14:47]} 8. e3 {[%clk 0:14:42]} O-O {[%clk 0:14:31]}
9. Bd3 {[%clk 0:14:48]} Nh5 {[%clk 0:14:01]} 10. Bg3 {[%clk 0:13:54]} Nf6
{[%clk 0:12:08]} 11. a3 {[%clk 0:13:54]} d5 {[%clk 0:11:54]} 12. cxd5
{[%clk 0:13:37]} exd5 {[%clk 0:12:00]} 13. O-O {[%clk 0:13:21]} Nh5
{[%clk 0:10:43]} 14. Bc2 {[%clk 0:13:13]} Nxg3 {[%clk 0:10:42]} 15. hxg3
{[%clk 0:13:21]} d4 {[%clk 0:09:37]} 16. exd4 {[%clk 0:13:21]} Nxd4
{[%clk 0:09:23]} 17. Nxd4 {[%clk 0:13:15]} cxd4 {[%clk 0:09:21]} 18. Bb3+
{[%clk 0:13:17]} Kh8 {[%clk 0:09:29]} 19. Nd5 {[%clk 0:13:19]} Bf6
{[%clk 0:09:31]} 20. Qd3 {[%clk 0:12:28]} Bg4 {[%clk 0:08:11]} 21. Nxf6
{[%clk 0:11:51]} Qxf6 {[%clk 0:08:16]} 22. Bd1 {[%clk 0:11:58]} Bf5
{[%clk 0:08:07]} 23. Qd2 {[%clk 0:11:35]} Rac8 {[%clk 0:07:37]} 24. Rc1
{[%clk 0:10:48]} Rxc1 {[%clk 0:07:39]} 25. Qxc1 {[%clk 0:10:57]} Bd3
{[%clk 0:07:45]} 26. Bf3 {[%clk 0:10:36]} Bxf1 {[%clk 0:07:50]} 27. Qxf1
{[%clk 0:10:44]} b5 {[%clk 0:07:38]} 28. Qd3 {[%clk 0:10:44]} Rc8
{[%clk 0:07:20]} 29. Qd2 {[%clk 0:10:47]} Qe7 {[%clk 0:06:14]} 30. Kf1
{[%clk 0:10:50]} Qc5 {[%clk 0:06:11]} 31. Bd1 {[%clk 0:10:26]} Qc4+
{[%clk 0:05:53]} 32. Ke1 {[%clk 0:10:28]} Re8+ {[%clk 0:05:55]} 33. Be2
{[%clk 0:10:37]} d3 {[%clk 0:05:59]} 0-1

[Event "MPJBiS 2020"]
[Site "?"]
[Date "2020.08.28"]
[Round "1.7"]
[White "Grot, Blazej"]
[Black "Suchocki, Jan"]
[Result "1-0"]
[BlackElo "1214"]
[WhiteElo "1601"]
[LiveChessVersion "1.4.8"]

1. e4 e5 2. Nf3 Nc6 3. Bb5 a6 4. Ba4 b5 5. Bb3 Nf6 6. O-O Be7 7. Re1 O-O 8. h3 d6
9. c3 Na5 10. Bc2 c5 11. d4 Qc7 12. d5 Bd7 13. Nbd2 Nh5 14. Nxe5 dxe5 15. Qxh5
Qd6 16. Nf3 f6 17. Nh2 Be8 18. Qd1 Bg6 19. a4 Nb7 20. Ng4 c4 21. Be3 Nc5 22. Bxc5
Qxc5 23. Ne3 Rfd8 24. Qf3 Qc8 25. h4 Bf7 26. h5 Bf8 27. Ra2 b4 28. cxb4 Bxb4 29.
Rc1 Bd2 30. Nf5 Qd7 31. Rd1 Bg5 32. a5 Qb7 33. Ba4 g6 34. hxg6 Bxg6 35. Bc6 Qb3
36. Qxb3 cxb3 37. Ra4 Rab8 38. Rd3 Be8 39. g3 Bxc6 40. Ne7+ Kf8 41. Nxc6 Rbc8 42.
Nxd8 Rxd8 43. Rxb3 Rd6 44. Rb6 1-0

[Event "MPJBiS 2020"]
[Site "?"]
[Date "2020.08.28"]
[Round "1.8"]
[White "Murawski, Milosz"]
[Black "Sniadecki, Oskar"]
[Result "0-1"]
[BlackElo "1569"]
[WhiteElo "1199"]
[LiveChessVersion "1.4.8"]

1. d4 {[%clk 0:15:17]} Nf6 {[%clk 0:15:17]} 2. c4 {[%clk 0:15:25]} c5
{[%clk 0:15:26]} 3. d5 {[%clk 0:14:57]} d6 {[%clk 0:15:32]} 4. Nc3
{[%clk 0:15:01]} g6 {[%clk 0:15:22]} 5. e3 {[%clk 0:14:42]} Bf5 {[%clk 0:14:15]}
6. Bd3 {[%clk 0:13:56]} Bxd3 {[%clk 0:14:14]} 7. Qxd3 {[%clk 0:14:01]} Bg7
{[%clk 0:14:14]} 8. Nf3 {[%clk 0:13:41]} O-O {[%clk 0:13:36]} 9. O-O
{[%clk 0:13:47]} Nbd7 {[%clk 0:13:44]} 10. b3 {[%clk 0:11:42]} Ng4
{[%clk 0:12:53]} 11. Bb2 {[%clk 0:11:27]} Nge5 {[%clk 0:13:01]} 12. Nxe5
{[%clk 0:11:10]} Nxe5 {[%clk 0:13:09]} 13. Qe2 {[%clk 0:10:41]} a6
{[%clk 0:11:48]} 14. Ne4 {[%clk 0:09:01]} Rb8 {[%clk 0:09:58]} 15. f4
{[%clk 0:07:05]} Nd7 {[%clk 0:10:02]} 16. Bxg7 {[%clk 0:07:11]} Kxg7
{[%clk 0:10:11]} 17. a4 {[%clk 0:06:13]} h6 {[%clk 0:09:15]} 18. f5
{[%clk 0:04:17]} g5 {[%clk 0:09:17]} 19. Qg4 {[%clk 0:04:02]} f6 {[%clk 0:08:50]}
20. Qh5 {[%clk 0:03:54]} Qe8 {[%clk 0:08:59]} 21. Qg4 {[%clk 0:03:55]} Ne5
{[%clk 0:09:08]} 22. Qe2 {[%clk 0:03:56]} b5 {[%clk 0:09:14]} 23. axb5
{[%clk 0:03:36]} axb5 {[%clk 0:09:22]} 24. Ra7 {[%clk 0:03:16]} Rf7
{[%clk 0:08:45]} 25. Rfa1 {[%clk 0:02:57]} bxc4 {[%clk 0:08:53]} 26. bxc4
{[%clk 0:03:05]} Rb4 {[%clk 0:08:59]} 27. Ra8 {[%clk 0:02:44]} Qd7
{[%clk 0:08:51]} 28. R1a7 {[%clk 0:02:45]} Rb7 {[%clk 0:09:00]} 29. Ra1
{[%clk 0:02:27]} Qxf5 {[%clk 0:08:57]} 30. Ng3 {[%clk 0:02:30]} Rb1+
{[%clk 0:08:51]} 31. Rxb1 {[%clk 0:02:37]} Qxb1+ {[%clk 0:08:59]} 32. Kf2
{[%clk 0:02:24]} g4 {[%clk 0:08:50]} 33. Nh5+ {[%clk 0:01:55]} Kh7
{[%clk 0:08:57]} 34. Nf4 {[%clk 0:02:01]} Rg7 {[%clk 0:07:51]} 35. Ra7
{[%clk 0:00:16]} g3+ {[%clk 0:07:30]} 36. hxg3 {[%clk 0:00:23]} f5
{[%clk 0:07:39]} 0-1

[Event "MPJBiS 2020"]
[Site "?"]
[Date "2020.08.28"]
[Round "1.9"]
[White "Bartodziej, Bartosz"]
[Black "Renn, Grzegorz"]
[Result "1-0"]
[BlackElo "1191"]
[WhiteElo "1563"]
[LiveChessVersion "1.4.8"]

1. e4 {[%clk 0:15:17]} c5 {[%clk 0:15:17]} 2. Nf3 {[%clk 0:15:23]} Nc6
{[%clk 0:15:24]} 3. Bb5 {[%clk 0:15:28]} g6 {[%clk 0:15:32]} 4. Bxc6
{[%clk 0:15:32]} bxc6 {[%clk 0:15:39]} 5. O-O {[%clk 0:15:32]} Bg7
{[%clk 0:15:46]} 6. Re1 {[%clk 0:15:38]} d6 {[%clk 0:15:52]} 7. c3
{[%clk 0:14:12]} Nf6 {[%clk 0:15:53]} 8. d4 {[%clk 0:12:44]} cxd4
{[%clk 0:15:59]} 9. cxd4 {[%clk 0:12:52]} O-O {[%clk 0:13:20]} 10. Nc3
{[%clk 0:12:46]} a5 {[%clk 0:12:55]} 11. b3 {[%clk 0:10:45]} Ba6 {[%clk 0:12:24]}
12. Bb2 {[%clk 0:10:47]} Re8 {[%clk 0:11:50]} 13. e5 {[%clk 0:08:55]} dxe5
{[%clk 0:11:45]} 14. dxe5 {[%clk 0:09:04]} Qxd1 {[%clk 0:11:52]} 15. Raxd1
{[%clk 0:09:07]} Nh5 {[%clk 0:11:13]} 16. g3 {[%clk 0:07:28]} Rad8
{[%clk 0:11:01]} 17. Nd4 {[%clk 0:05:01]} c5 {[%clk 0:10:48]} 18. Nc6
{[%clk 0:04:47]} Rxd1 {[%clk 0:10:41]} 19. Nxd1 {[%clk 0:04:22]} c4
{[%clk 0:10:41]} 20. Nxa5 {[%clk 0:03:55]} cxb3 {[%clk 0:10:49]} 21. axb3
{[%clk 0:03:50]} e6 {[%clk 0:10:44]} 22. f4 {[%clk 0:03:37]} Bf8 {[%clk 0:10:36]}
23. Bd4 {[%clk 0:02:52]} Ng7 {[%clk 0:10:39]} 24. Nc4 {[%clk 0:02:39]} Nf5
{[%clk 0:10:45]} 25. Bf2 {[%clk 0:02:46]} Bb4 {[%clk 0:10:40]} 26. Re2
{[%clk 0:02:01]} Bb7 {[%clk 0:10:14]} 27. Ra2 {[%clk 0:01:09]} Rd8
{[%clk 0:09:50]} 28. Ra1 {[%clk 0:00:54]} Bf3 {[%clk 0:09:35]} 29. Ndb2
{[%clk 0:00:24]} Nd4 {[%clk 0:09:12]} 30. Bxd4 {[%clk 0:00:23]} Rxd4
{[%clk 0:09:19]} 31. Kf2 {[%clk 0:00:28]} Bd5 {[%clk 0:09:18]} 32. Rd1
{[%clk 0:00:15]} Rxd1 {[%clk 0:08:59]} 33. Nxd1 {[%clk 0:00:22]} Bc5+
{[%clk 0:09:01]} 34. Ke2 {[%clk 0:00:23]} Kf8 {[%clk 0:08:59]} 35. Nde3
{[%clk 0:00:23]} Be4 {[%clk 0:08:40]} 36. Nd2 {[%clk 0:00:17]} Bd5
{[%clk 0:07:55]} 37. Nxd5 {[%clk 0:00:19]} exd5 {[%clk 0:08:04]} 38. Nb1
{[%clk 0:00:18]} Ke7 {[%clk 0:08:05]} 39. Nc3 {[%clk 0:00:14]} Ke6
{[%clk 0:07:59]} 40. Nb5 {[%clk 0:00:21]} h6 {[%clk 0:07:55]} 41. Nc7+
{[%clk 0:00:26]} Kd7 {[%clk 0:07:38]} 42. Nxd5 {[%clk 0:00:34]} Kc6
{[%clk 0:07:43]} 43. Nc3 {[%clk 0:00:39]} g5 {[%clk 0:07:36]} 44. Ne4
{[%clk 0:00:28]} gxf4 {[%clk 0:07:34]} 45. Nxc5 {[%clk 0:00:32]} Kxc5
{[%clk 0:07:31]} 46. gxf4 {[%clk 0:00:40]} Kb4 {[%clk 0:07:41]} 47. f5
{[%clk 0:00:49]} Kxb3 {[%clk 0:07:50]} 48. e6 {[%clk 0:00:58]} fxe6
{[%clk 0:07:58]} 49. fxe6 {[%clk 0:01:06]} Kc4 {[%clk 0:08:07]} 50. e7
{[%clk 0:01:15]} Kd5 {[%clk 0:08:16]} 51. e8=Q {[%clk 0:01:24]} 1-0

[Event "MPJBiS 2020"]
[Site "?"]
[Date "2020.08.28"]
[Round "1.10"]
[White "Nowakowski, Maksymilian"]
[Black "Raczek, Krzysztof"]
[Result "0-1"]
[BlackElo "1559"]
[WhiteElo "1175"]
[LiveChessVersion "1.4.8"]

1. d4 {[%clk 0:15:18]} Nf6 {[%clk 0:15:20]} 2. c4 {[%clk 0:15:26]} g6
{[%clk 0:15:28]} 3. Nc3 {[%clk 0:15:35]} Bg7 {[%clk 0:15:37]} 4. Bf4
{[%clk 0:15:41]} O-O {[%clk 0:15:20]} 5. Nf3 {[%clk 0:15:48]} d6 {[%clk 0:15:27]}
6. e3 {[%clk 0:15:24]} Nbd7 {[%clk 0:15:21]} 7. Be2 {[%clk 0:15:28]} c5
{[%clk 0:15:29]} 8. O-O {[%clk 0:15:29]} b6 {[%clk 0:15:38]} 9. Qd2
{[%clk 0:15:20]} Bb7 {[%clk 0:15:46]} 10. Rfd1 {[%clk 0:14:49]} a6
{[%clk 0:14:34]} 11. Rac1 {[%clk 0:14:50]} Qc7 {[%clk 0:14:30]} 12. d5
{[%clk 0:13:06]} Rfb8 {[%clk 0:12:29]} 13. b3 {[%clk 0:12:26]} b5
{[%clk 0:11:46]} 14. cxb5 {[%clk 0:10:13]} Qa5 {[%clk 0:10:44]} 15. a4
{[%clk 0:09:29]} axb5 {[%clk 0:10:32]} 16. Bxb5 {[%clk 0:09:23]} Ba6
{[%clk 0:10:33]} 17. Bc6 {[%clk 0:08:49]} Bb7 {[%clk 0:10:25]} 18. Nb5
{[%clk 0:08:34]} Qb6 {[%clk 0:09:43]} 19. Bxb7 {[%clk 0:08:31]} Qxb7
{[%clk 0:09:49]} 20. Qd3 {[%clk 0:08:33]} Nb6 {[%clk 0:09:06]} 21. e4
{[%clk 0:08:22]} c4 {[%clk 0:09:14]} 22. bxc4 {[%clk 0:08:01]} Nxa4
{[%clk 0:09:21]} 23. Rb1 {[%clk 0:07:43]} Nc5 {[%clk 0:08:51]} 24. Qc2 Qd7
{[%clk 0:08:33]} 25. e5 {[%clk 0:07:17]} Nh5 {[%clk 0:08:39]} 26. Qd2
{[%clk 0:06:56]} Qf5 {[%clk 0:08:11]} 27. Be3 {[%clk 0:06:06]} Ne4
{[%clk 0:08:00]} 28. Qd3 {[%clk 0:05:56]} Nf4 {[%clk 0:06:19]} 29. Bxf4
{[%clk 0:05:56]} Qxf4 {[%clk 0:06:27]} 30. exd6 {[%clk 0:05:56]} exd6
{[%clk 0:05:37]} 31. Re1 {[%clk 0:05:44]} Nc5 {[%clk 0:05:42]} 32. Qe3
{[%clk 0:05:28]} Qxe3 {[%clk 0:02:30]} 33. Rxe3 {[%clk 0:05:11]} Ra4
{[%clk 0:02:20]} 34. Rc1 {[%clk 0:05:00]} Bh6 {[%clk 0:01:59]} 35. Rec3
{[%clk 0:04:37]} Bxc1 {[%clk 0:02:06]} 36. Rxc1 {[%clk 0:04:46]} Nb3
{[%clk 0:01:52]} 37. Rb1 {[%clk 0:04:33]} Rxc4 {[%clk 0:01:54]} 38. Nxd6
{[%clk 0:04:34]} Rc1+ {[%clk 0:01:50]} 39. Rxc1 {[%clk 0:04:43]} Nxc1
{[%clk 0:01:58]} 40. Ne4 {[%clk 0:04:40]} Ne2+ {[%clk 0:01:58]} 41. Kf1
{[%clk 0:04:48]} Nf4 {[%clk 0:02:04]} 42. d6 {[%clk 0:04:47]} Rb1+
{[%clk 0:02:12]} 43. Ne1 {[%clk 0:04:56]} Nd3 {[%clk 0:02:19]} 44. g3
{[%clk 0:05:03]} Rxe1+ {[%clk 0:02:11]} 45. Kg2 {[%clk 0:05:12]} Rxe4
{[%clk 0:02:19]} 0-1

[Event "MPJBiS 2020"]
[Site "?"]
[Date "2020.08.28"]
[Round "1.11"]
[White "Jaworski, Tymon"]
[Black "Trusewicz, Jakub"]
[Result "0-1"]
[BlackElo "1168"]
[WhiteElo "1553"]
[LiveChessVersion "1.4.8"]

1. e4 {[%clk 0:15:17]} c5 {[%clk 0:15:19]} 2. Nf3 {[%clk 0:15:18]} g6
{[%clk 0:15:27]} 3. g3 {[%clk 0:14:59]} Bg7 {[%clk 0:15:31]} 4. Bg2
{[%clk 0:15:07]} Nc6 {[%clk 0:15:37]} 5. O-O {[%clk 0:14:37]} Nf6
{[%clk 0:15:45]} 6. d3 {[%clk 0:14:40]} O-O {[%clk 0:15:52]} 7. Nbd2
{[%clk 0:14:16]} d5 {[%clk 0:15:48]} 8. exd5 {[%clk 0:14:06]} Nxd5
{[%clk 0:15:55]} 9. a4 {[%clk 0:13:46]} Bg4 {[%clk 0:15:41]} 10. h3
{[%clk 0:13:40]} Bf5 {[%clk 0:15:43]} 11. Nc4 {[%clk 0:13:19]} Qd7
{[%clk 0:15:18]} 12. g4 {[%clk 0:11:27]} Be6 {[%clk 0:15:13]} 13. Ng5
{[%clk 0:10:49]} f5 {[%clk 0:15:08]} 14. Re1 {[%clk 0:08:04]} Bf7
{[%clk 0:12:53]} 15. f4 {[%clk 0:05:51]} fxg4 {[%clk 0:12:32]} 16. Nxf7
{[%clk 0:03:37]} Rxf7 {[%clk 0:12:03]} 17. Bxd5 {[%clk 0:02:32]} Bd4+
{[%clk 0:11:43]} 18. Be3 {[%clk 0:01:47]} Qxd5 {[%clk 0:11:36]} 19. Qxg4
{[%clk 0:01:44]} Raf8 {[%clk 0:11:06]} 20. Kh2 {[%clk 0:01:06]} Bxe3
{[%clk 0:10:47]} 21. Nxe3 {[%clk 0:01:04]} Qd4 {[%clk 0:10:42]} 22. f5
{[%clk 0:00:58]} Qxb2 {[%clk 0:08:34]} 23. fxg6 {[%clk 0:00:36]} Qe5+
{[%clk 0:08:02]} 24. Kh1 {[%clk 0:00:23]} hxg6 {[%clk 0:07:52]} 25. Ng2
{[%clk 0:00:14]} Qd6 {[%clk 0:07:11]} 26. h4 {[%clk 0:00:11]} Rf3
{[%clk 0:06:22]} 27. Qg5 {[%clk 0:00:11]} Rh3+ {[%clk 0:06:14]} 28. Kg1
{[%clk 0:00:13]} Qh2# {[%clk 0:06:21]} 0-1